00771nam a2200145Ia 4500008004100000020001800041245015500059260002200214440002500236650020900261650002200470856004100492999001900533952007300552171212s9999 xx 000 0 und d a9781760460907 ceditor Morris-Suzuki, Tessa;Jeong Soh, EunaNew Worlds from BelowbInformal life politics and grassroots action in twenty-first-century Northeast Asia bANU E Pressc2017 aAsian Studies Series aCommunities -- Asia, Northeast -- Citizen participation; Community development -- Asia, Northeast; Asia, Northeast -- Politics and government -- Citizen participation; Asia, Northeast -- Social conditions aPolitical Science uhttp://jstor.org/stable/j.ctt1pwtd47 c351227d351227 001040aCLbCLd2017-12-12l0r2017-12-12 00:00:00w2017-12-12yCBE